| 000 | 00451nam a2200193Ia 4500 | ||
|---|---|---|---|
| 003 | 0100 | ||
| 008 | 130303s9999 xx 000 0 und d | ||
| 040 | _cARRUPELIB | ||
| 050 | _aJC362.N871996 | ||
| 100 | _aNussbaum, Martha C | ||
| 245 | _aFor Love of Country | ||
| 245 | _bdebating the limits of Patriotism | ||
| 260 | _aBoston | ||
| 260 | _bBeacon Press | ||
| 260 | _C1996 | ||
| 300 | _a155p | ||
| 700 | _aCohen, Joshua, 1951- | ||
| 942 | 0 | 0 | _01 |
| 999 |
_c18041 _d18041 |
||